00365nam a22001337a 450000500170000000800410001704100130005808200130007110000130008424500400009726000380013730000310017565000250020620240829093815.0240829b |||||||| |||| 00| 0 eng d aEnglish  a349 LAW  lEnglish  aThe Laws of South West Africa 1928  aWindhoek: bBy Authority, c1928  bxxxi, 805 pages; c25 cm.  aLegal practice bLaw